| 000 | 00950nas a2200301 4500 | ||
|---|---|---|---|
| 001 | BR0809373 | ||
| 003 | BR-BrBNA | ||
| 005 | 20231205112726.0 | ||
| 007 | ta | ||
| 008 | 230509b bl.|||p| |||| 00| 00por d | ||
| 040 |
_aBR-BrBNA _bpor _cBiblioteca Nacional de Agricultura |
||
| 041 | _a(Pt) | ||
| 072 | _aL01; P40; L53 | ||
| 100 | 1 | _aBarbosa, V.M. | |
| 100 | 1 | _aCançado, S.V. | |
| 100 | 1 | _aBaião, N.C. | |
| 100 | 1 | _aLana, A.M.Q. | |
| 100 | 1 | _aLara, L.J.C. | |
| 100 | 1 | _aSouza, M.R. | |
| 245 | 1 | _aEfeitos da umidade relativa do ar na incubadora e da idade da matriz leve sobre o rendimento da incubação | |
| 650 | _aGALINHA PARA POSTURA | ||
| 650 | _aUMIDADE RELATIVA | ||
| 650 | _aMATRIZ | ||
| 650 | _aINCUBAÇÃO | ||
| 773 | 0 |
_tArquivo Brasileiro de Medicina Veterinária e Zootecnia (Brazil) _xISSN 0102-0935 _g(Jun 2008), v. 60(3) p. 741-748 _wBR0809373 |
|
| 909 |
_a202311 _bLúcia _c55 _dLúcia Elande |
||
| 942 |
_2AGRIS _n0 _cANA |
||
| 999 |
_c199605 _d199605 |
||